1526 1355 1861 1778 1004 1260 1731 1121 1581 1779 1315 1453 1822 1495 1290 1759 1839 1644 1525 1777 1626 1289 1166 1930 1046 1586 1439 1124 1640 1481 1328 1746 1354 1867 1813 1409 1682 1794 1108 1596 1432 1517 1222 1131 1261 1792 1854 1757 1929 1087 1268 1178 1194 1798 1697 1457 1576 2000 1615 1660 1744 1466 1990 1805 1847 1659 1388 1063 1810 1885 1255 1635 1315 1630 1765 1807 1742 1105 1496 1649 1804 1457 1144 1774 1382 1461 2000 1470 1731 1245 1389 1004 1325 1862 1020 1163 1817 1015 1141 BCNSPRNW ULIB Ver.6.0+V

เปลี่ยนเป็นภาษาไทย

Change to English
 แสดงรายละเอียดบรรณานุกรม
  กลับหน้าหลัก

Brief Record : Get Marc (ISO 2709) : E-mail record : QR code < ปิดหน้าต่าง
LEADER : 00000nam 2200000uu 4500
001    13399120625
003     ULIB
008    120928s2547||||th 000 0 tha d
020    ^a9749717341
060 04 ^aWY152^bส236ก 2547
100 0  ^aสมจินต์ เพชรพันธุ์ศรี
245 10 ^aการพยาบาลเพื่อการฟื้นฟูสภาพ :^bประยุกต์ใช้ในผู้สูงอายุ /^cสมจินต์ เพชรพันธุ์ศรี, ถนอมขวัญ ทวีบูรณ์
250    ^a พิมพ์ครั้งที่ 1
260    ^a กรุงเทพฯ :^bศุภวนิชการพิมพ์,^c2547
300    ^a 126 หน้า ;^c30 ซม.
650  7 ^aการพยาบาลเวชศาสตร์วัยชรา
650  7 ^aการฟื้นฟูสมรรถภาพ
650  7 ^aผู้สูงอายุ
700 0  ^aถนอมขวัญ ทวีบูรณ์
995    ^a วิภา
999 ^a ใช้งานได้ทุกระบบ
รายการนี้ยังไม่มีแท็ก
คุณยังไม่ได้ล็อกอิน คุณสามารถมีกิจกรรมร่วมกับเว็บไซต์ได้ แต่ต้องล็อกอินก่อน ::
  ล็อกอิน

รายการสื่อสารสนเทศ

ลำดับที่ ประเภท เลขเรียก/บาร์โค้ด สถานที่ สถานะ
- ไม่พบข้อมูล -

รายการใกล้เคียง
    ผู้แต่ง [สมจินต์ เพชรพันธุ์ศรี]

    หัวเรื่อง [การพยาบาลเวชศาสตร์วัยชรา]
    หัวเรื่อง [การฟื้นฟูสมรรถภาพ]
    หัวเรื่อง [ผู้สูงอายุ]

BibComment


ยังไม่เคยถูกคอมเมนท์

คอมเมนท์ทรัพยากรรายการนี้
  คอมเมนท์: การพยาบาลเพื่อกา..


 Copyright 2026. Bcnsprnw @Library